_Rainwater harvesting innovations in response to water scarcity the lare experience Maimbo M. Malesu (Record no. 8152)
[ view plain ]
| 000 -LEADER | |
|---|---|
| fixed length control field | 00431nam a2200133Ia 4500 |
| 008 - FIXED-LENGTH DATA ELEMENTS--GENERAL INFORMATION | |
| fixed length control field | 151021s9999 xx 000 0 und d |
| 020 ## - INTERNATIONAL STANDARD BOOK NUMBER | |
| International Standard Book Number | 9290591978 |
| 245 ## - TITLE STATEMENT | |
| Title | _Rainwater harvesting innovations in response to water scarcity the lare experience Maimbo M. Malesu |
| 260 ## - PUBLICATION, DISTRIBUTION, ETC. (IMPRINT) | |
| Place of publication, distribution, etc. | Nairobi RELMA 2006 |
| 300 ## - PHYSICAL DESCRIPTION | |
| Extent | xi,41p;ill |
| 650 ## - SUBJECT ADDED ENTRY--TOPICAL TERM | |
| Topical term or geographic name as entry element | _Harvesting innovations |
| 700 ## - ADDED ENTRY--PERSONAL NAME | |
| Personal name | _Joseph k Sang |
| 980 ## - EQUIVALENCE OR CROSS-REFERENCE-SERIES STATEMENT--PERSONAL NAME/TITLE [LOCAL, CANADA] | |
| Personal name | ^d20110920 01:00:44^okorir |
No items available.